The sprirituality of the catholic charismaticrenewal movement / (Record no. 83914)

MARC details
000 -LEADER
fixed length control field 00605nam a22001937a 4500
005 - DATE AND TIME OF LATEST TRANSACTION
control field 20140501152201.0
010 ## - LCCN (DPL NO)
LC control number ENG-109841
020 ## - INTERNATIONAL STANDARD BOOK NUMBER
International Standard Book Number 9789351480068
Terms of availability 480.00
020 ## - INTERNATIONAL STANDARD BOOK NUMBER
International Standard Book Number 9351480062
Terms of availability 480.00
035 ## - SYSTEM CONTROL NUMBER
System control number EN-93374
037 ## - SOURCE OF ACQUISITION
Source of stock number/acquisition DBAD/PUB
100 ## - MAIN ENTRY--PERSONAL NAME
Personal name Alva,Reginald
245 00 - TITLE STATEMENT
Title The sprirituality of the catholic charismaticrenewal movement /
Statement of responsibility, etc by Reginald alva,SVD
260 ## - PUBLICATION, DISTRIBUTION, ETC. (IMPRINT)
Place of publication, distribution, etc New Delhi
Name of publisher, distributor, etc Christian World Imprints
Date of publication, distribution, etc 2014
270 ## - ADDRESS
Address H-12, Bali Nagar
City New Delhi
Postal code 110015
300 ## - PHYSICAL DESCRIPTION
Extent XIX,188p. :
Dimensions 22cm(Hb)
500 ## - GENERAL NOTE
General note Includes bibliographical references and index
942 ## - ADDED ENTRY ELEMENTS (KOHA)
Source of classification or shelving scheme Dewey Decimal Classification
Item type English Books
Call number suffix ALV
Holdings
Withdrawn status Lost status Not for loan Collection code Home library Current library Date acquired Cost, normal purchase price Barcode Copy number Cost, replacement price Koha item type
    Not For Loan Non-fiction D.B.Act.Division D.B.Act.Division 01/05/2014 480.00 EN-93374 1 480.00 English Books

© Delhi Public Library
Hit Counter
free hit counter